Secondary creativity.
The Parents Guide explores what is going on in schools today and discusses some of the key issues from a parent's point of view. In this programme, presenter Fiona Millar is joined by two parents, Debbie Lawson and Rob Bowden, together with education consultant Dr Marilyn Fryer, to discuss crea...
| Corporate Author: | |
|---|---|
| Format: | Video |
| Language: | English |
| Language Notes: | This edition in English. |
| Published: |
[London] :
Teachers TV/UK Dept. of Education,
2005.
|
| Series: | Education in video
Parents' guide ; 12 |
| Subjects: | |
| Online Access: | Connect to this streaming video (Alexander Street Press) |
MARC
| Tag | First Indicator | Second Indicator | Subfields |
|---|---|---|---|
| LEADER | 00000cgm a2200000Ma 4500 | ||
| 001 | in00005544913 | ||
| 006 | m o c | ||
| 007 | vz |zazu| | ||
| 008 | 120229s2005 enk028 o vleng d | ||
| 005 | 20241201230121.4 | ||
| 035 | |a (OCoLC)ocn815786015 | ||
| 040 | |a ALSTP |b eng |e pn |c ALSTP |d OCLCO |d OCLCQ |d OCLCO |d OCLCF |d OCLCA |d VZF |d OCLCQ |d OCLCO |d OCLCQ |d EZ9 |d OCLCA |d MNI |d INT |d OCLCQ |d WYU |d OCLCA |d OCLCQ |d OCLCO |d OCL |d OCLCA |d OCL |d OCLCO |d OCLCQ |d OCLCL | ||
| 019 | |a 1112286872 | ||
| 035 | |a (OCoLC)815786015 |z (OCoLC)1112286872 | ||
| 043 | |a e-uk--- | ||
| 050 | 4 | |a PN1200eb | |
| 082 | 0 | 4 | |a 371.192 |q OCoLC |2 23/eng/20231120 |
| 049 | |a TXAM | ||
| 245 | 0 | 0 | |a Secondary creativity. |
| 260 | |a [London] : |b Teachers TV/UK Dept. of Education, |c 2005. | ||
| 300 | |a 1 online resource (28 min.). | ||
| 336 | |a two-dimensional moving image |b tdi |2 rdacontent | ||
| 337 | |a computer |b c |2 rdamedia | ||
| 338 | |a online resource |b cr |2 rdacarrier | ||
| 344 | |a digital |2 rda | ||
| 347 | |a data file |2 rda | ||
| 380 | |a Videorecording | ||
| 490 | 0 | |a Education in video | |
| 490 | 0 | |a Parents' guide ; |v 12 | |
| 500 | |a Title from resource description page (viewed Mar. 5, 2012). | ||
| 520 | |a The Parents Guide explores what is going on in schools today and discusses some of the key issues from a parent's point of view. In this programme, presenter Fiona Millar is joined by two parents, Debbie Lawson and Rob Bowden, together with education consultant Dr Marilyn Fryer, to discuss creativity in secondary schools. They look at some Teachers TV programmes and see how creativity is being addressed by teachers, pupils and, of course, parents. How do schools incorporate creativity across the curriculum? Is being creative a natural talent or can it be taught? How are boys encouraged to be creative? How is the balance struck between traditional and contemporary approaches to music and art? What is the role of drama? How can parents get involved? | ||
| 546 | |a This edition in English. | ||
| 650 | 0 | |a Education, Secondary |x Curricula |z Great Britain. | |
| 650 | 0 | |a Art |x Study and teaching (Secondary) |z Great Britain. | |
| 650 | 0 | |a Music |x Instruction and study |z Great Britain. | |
| 650 | 0 | |a Creative ability. | |
| 650 | 0 | |a Drama |x Study and teaching |z Great Britain. | |
| 650 | 0 | |a Drama in education |z Great Britain. | |
| 650 | 0 | |a Education, Secondary |x Parent participation. | |
| 650 | 6 | |a Enseignement secondaire |x Programmes d'études |z Grande-Bretagne. | |
| 650 | 6 | |a Musique |x Étude et enseignement |z Grande-Bretagne. | |
| 650 | 6 | |a Créativité. | |
| 650 | 6 | |a Théâtre (Genre littéraire) |x Étude et enseignement |z Grande-Bretagne. | |
| 650 | 6 | |a Théâtre en éducation |z Grande-Bretagne. | |
| 650 | 6 | |a Enseignement secondaire |x Participation des parents. | |
| 650 | 7 | |a Art |x Study and teaching (Secondary) |2 fast |0 (OCoLC)fst00815366 | |
| 650 | 7 | |a Creative ability. |2 fast |0 (OCoLC)fst00882417 | |
| 650 | 7 | |a Drama in education. |2 fast |0 (OCoLC)fst00897528 | |
| 650 | 7 | |a Drama |x Study and teaching. |2 fast |0 (OCoLC)fst00897502 | |
| 650 | 7 | |a Education, Secondary |x Curricula. |2 fast |0 (OCoLC)fst00903265 | |
| 650 | 7 | |a Education, Secondary |x Parent participation. |2 fast |0 (OCoLC)fst00903287 | |
| 650 | 7 | |a Music |x Instruction and study. |2 fast |0 (OCoLC)fst01030347 | |
| 651 | 7 | |a Great Britain. |2 fast |0 (OCoLC)fst01204623 |1 https://id.oclc.org/worldcat/entity/E39PBJdmp7p3cx8hpmJ8HvmTpP | |
| 655 | 4 | |a Alexander Street Video. | |
| 655 | 7 | |a interviews. |2 aat | |
| 655 | 7 | |a Interviews. |2 fast |0 (OCoLC)fst01423832 | |
| 655 | 7 | |a Interviews. |2 lcgft | |
| 655 | 7 | |a Interviews. |2 rvmgf | |
| 710 | 2 | |a Illumina Digital. |4 pro | |
| 776 | 0 | 8 | |i Print version: |t Secondary creativity. |d [London] : Teachers TV/UK Dept. of Education, 2005 publisher catalog number |o C/0786/012 |
| 856 | 4 | 0 | |u http://proxy.library.tamu.edu/login?url=https://www.aspresolver.com/aspresolver.asp?AVN2;1780336 |z Connect to this streaming video (Alexander Street Press) |t 0 |
| 955 | |a Alexander Street Press subscription streaming video | ||
| 994 | |a 92 |b TXA | ||
| 999 | f | f | |s 31c70657-af0c-47c9-a901-8dde980c9136 |i 999a1962-90f4-4774-914f-4d8cf1b2a70e |t 0 |
| 952 | f | f | |a Texas A&M University |b College Station |c Electronic Resources |d Available Online |t 0 |e PN1200eb |h Library of Congress classification |
| 998 | f | f | |a PN1200eb |t 0 |l Available Online |